LIBRARY & INFORMATION CENTRE, KCAET, TAVANUR

ONLINE PUBLIC ACCESS CATALOGUE (OPAC)

Normal view MARC view
  • Maroulis, Zacharias B.,

Entry Personal Name

Number of records used in: 2

001 - CONTROL NUMBER

  • control field: 67

003 - CONTROL NUMBER IDENTIFIER

  • control field: OSt

005 - DATE AND TIME OF LATEST TRANSACTION

  • control field: 20140328111007.0

008 - FIXED-LENGTH DATA ELEMENTS

  • fixed length control field: 140328|| aca||aabn | a|a d

040 ## - CATALOGING SOURCE

  • Original cataloging agency: OSt
  • Transcribing agency: OSt

100 ## - HEADING--PERSONAL NAME

  • Personal name: Maroulis, Zacharias B.,

670 ## - SOURCE DATA FOUND

  • Source citation: Work cat.: (OSt)14088: Saravacos, George D., 62, Food process engineering operations /, c2011.
free website counter